Medidas cautelares sobre automotores /

Trabajo sobre la figura jurídica de las medidas cautelares y su aplicación a vehículos automotores, en el marco del ordenamiento jurídico argentino, desarrollado con la siguiente estructura: 1. Nociones previas de derecho procesal. 2. El proceso cautelar. 3. Embargo preventivo. 4. Secuestro. 5. Inhi...

詳細記述

保存先:
書誌詳細
第一著者: Díaz Solimine, Omar Luis (autor)
フォーマット: 図書
言語:スペイン語
出版事項: Buenos Aires, Argentina : Astrea, 1999, c1999
主題:
タグ: タグ追加
タグなし, このレコードへの初めてのタグを付けませんか!

MARC

LEADER 00000nam^a2200000^a^4500
001 000167687
005 20250521000000.0
009 20260310101134.385
020 |a 950-508-525-7 
037 |a Acervo ITESO - Biblioteca 
041 |a ESP 
082 |a 347. 820504  |b DIA 
100 |a Díaz Solimine, Omar Luis  |e (autor) 
245 1 0 |a Medidas cautelares sobre automotores /  |c O.L. Díaz Solimine ; pról. de Alberto Luis Maurino. 
264 4 |a Buenos Aires, Argentina :  |b Astrea,  |c 1999, c1999 
300 |a XXIII, 232 p. 
336 |a texto  |b txt  |2 rdacontenido 
337 |a sin mediación  |b n  |2 rdamedio 
338 |a volumen  |b nc  |2 rdasoporte 
520 |a Trabajo sobre la figura jurídica de las medidas cautelares y su aplicación a vehículos automotores, en el marco del ordenamiento jurídico argentino, desarrollado con la siguiente estructura: 1. Nociones previas de derecho procesal. 2. El proceso cautelar. 3. Embargo preventivo. 4. Secuestro. 5. Inhibición general de bienes. 6. Prohibiciones de innovar y de contratar. 7. Otras medidas cautelares y Apéndice: Digesto de Normas Técnico Registrales del Registro Nacional de la Propiedad del Automotor. 
649 |a XX 
650 |a Automóviles -  |z Argentina -  |x Aspectos Jurídicos 
650 |a Transporte Terrestre -  |z Argentina -  |x Aspectos Jurídicos 
650 |a Embargo (Derecho) -  |z Argentina 
650 |a Medidas Precautorias (Derecho) -  |z Argentina 
650 |a Deudor y Acreedor -  |z Argentina -  |x Aspectos Jurídicos 
650 |a Deuda -  |z Argentina -  |x Aspectos Jurídicos 
650 |a Ejecuciones (Derecho) -  |z Argentina 
650 |a Derecho Procesal -  |z Argentina 
650 |a Derecho Público -  |z Argentina 
650 |a Derecho Positivo -  |z Argentina 
910 |a Fondo General 
920 |a Impresos - Libros 
930 |a Colección General 
905 |a 101 
901 |a 0500103631  |b IT1  |c ACC  |u 20250521 
902 |a https://opac.biblio.iteso.mx/vufind/Record/000167687